[Event "VIE-ch U20 Girls"]
[Site "Hanoi"]
[Date "2022.06.15"]
[Round "6"]
[White "Bui, Tuyet Hoa"]
[Black "Phan, Thi My Huong"]
[Result "1-0"]
[WhiteElo "2065"]
[BlackElo "2063"]
[PlyCount "65"]
[EventDate "2022.06.11"]
[EventType "swiss"]
[EventRounds "7"]
[EventCountry "VIE"]
[SourceTitle "EXT 2023"]
[Source "ChessBase"]
[SourceDate "2022.10.05"]
[SourceVersion "1"]
[SourceVersionDate "2022.10.05"]
[SourceQuality "1"]

1. d4 d5 2. c4 e6 3. Nc3 Nf6 4. cxd5 exd5 5. Bg5 Be7 6. e3 0-0 7. Bd3 c6 8. Nf3 Nbd7 9. 0-0 Re8 10. Bc2 g6 11. Rc1 Nh5 12. Bxe7 Qxe7 13. Re1 Qb4 14. Bb3 Ndf6 15. Ne5 Be6 16. Na4 Ng7 17. Nc5 h5 18. h3 Rad8 19. Qf3 Bf5 20. g4 hxg4 21. hxg4 Rxe5 22. dxe5 Nxg4 23. e4 dxe4 24. Nxe4 Nxe5 25. Nf6+ Kf8 26. Rxe5 Qd2 27. Qe3 Qb4 28. Qh6 Be6 29. Qh8+ Ke7 30. Qxg7 Rd6 31. Rce1 Qf4 32. Rxe6+ Rxe6 33. Rxe6+ 1-0

[Event "VIE-ch U20 Girls"]
[Site "Hanoi"]
[Date "2022.06.13"]
[Round "4"]
[White "Bui, Tuyet Hoa"]
[Black "Tran, Thi Huyen Tran"]
[Result "1-0"]
[WhiteElo "2065"]
[BlackElo "2054"]
[PlyCount "65"]
[EventDate "2022.06.11"]
[EventType "swiss"]
[EventRounds "7"]
[EventCountry "VIE"]
[SourceTitle "EXT 2023"]
[Source "ChessBase"]
[SourceDate "2022.10.05"]
[SourceVersion "1"]
[SourceVersionDate "2022.10.05"]
[SourceQuality "1"]

1. d4 d5 2. c4 e6 3. Nc3 Nf6 4. cxd5 Nxd5 5. e4 Nb6 6. Nf3 Nc6 7. Be2 g6 8. Bf4 Bg7 9. Nb5 0-0 10. Nxc7 Rb8 11. Nb5 Ra8 12. Be3 Re8 13. 0-0 Nd7 14. d5 exd5 15. exd5 Ne7 16. d6 Nf5 17. Nc7 Nxe3 18. fxe3 Rxe3 19. Nxa8 Bxb2 20. Rb1 Bg7 21. Nc7 Bf8 22. Bc4 Nb6 23. Bb3 Qxd6 24. Qxd6 Bxd6 25. Nb5 Bb8 26. Ng5 Be6 27. Nxe6 fxe6 28. Nd4 Kg7 29. Nxe6+ Kh6 30. Rbe1 Rc3 31. Re4 g5 32. Rf6+ Kh5 33. Ng7# 1-0

[Event "VIE-ch U20 Girls"]
[Site "Hanoi"]
[Date "2022.06.12"]
[Round "2"]
[White "Bui, Tuyet Hoa"]
[Black "Le, Hong Minh Ngoc"]
[Result "0-1"]
[WhiteElo "2065"]
[BlackElo "2060"]
[PlyCount "86"]
[EventDate "2022.06.11"]
[EventType "swiss"]
[EventRounds "7"]
[EventCountry "VIE"]
[SourceTitle "EXT 2023"]
[Source "ChessBase"]
[SourceDate "2022.10.05"]
[SourceVersion "1"]
[SourceVersionDate "2022.10.05"]
[SourceQuality "1"]

1. d4 d5 2. c4 e6 3. Nc3 Nf6 4. cxd5 exd5 5. Bg5 Be7 6. Qc2 0-0 7. e3 c6 8. Nf3 Nbd7 9. Bd3 Re8 10. Bf4 Nf8 11. 0-0 Nh5 12. Bg3 Nxg3 13. fxg3 Bf6 14. Rae1 b6 15. b4 Bb7 16. Na4 Rc8 17. Qf2 Qd7 18. Nb2 Qd6 19. Bf5 Rc7 20. Nd3 Ba6 21. Qd2 g6 22. Bh3 Bxd3 23. Qxd3 Qxb4 24. Nd2 Bg7 25. Bg4 Rce7 26. Nb3 c5 27. dxc5 Qxg4 28. cxb6 axb6 29. Qxd5 Qe4 30. Qd6 Qb7 31. Rf3 Ne6 32. h4 Rd7 33. Qb4 Bf8 34. Qb5 Ra8 35. Qe2 Nc5 36. Nd4 Bg7 37. Nb5 Re8 38. Na3 Nd3 39. Ref1 Ne5 40. R3f2 Bh6 41. Nc2 Qe4 42. Qb5 Bxe3 43. Nxe3 Qxe3 0-1

[Event "VIE-ch U13 Girls"]
[Site "Hanoi"]
[Date "2020.??.??"]
[Round "3"]
[White "Bui, Tuyet Hoa"]
[Black "Nguyen, Phuc Yen Nhi"]
[Result "1/2-1/2"]
[WhiteElo "1307"]
[BlackElo "1295"]
[PlyCount "68"]
[EventDate "2020.10.22"]
[EventType "tourn"]
[EventRounds "7"]
[EventCountry "VIE"]
[SourceTitle "EXT 2022"]
[Source "ChessBase"]
[SourceDate "2021.10.06"]
[SourceVersion "1"]
[SourceVersionDate "2021.10.06"]
[SourceQuality "1"]

1. d4 Nf6 2. c4 e6 3. Nc3 Bb4 4. Qc2 d5 5. e3 Ne4 6. Bd3 f5 7. Nge2 0-0 8. 0-0 c6 9. a3 Bd6 10. Bd2 Nd7 11. cxd5 cxd5 12. Nb5 Nxd2 13. Qxd2 Bb8 14. Rac1 a6 15. Nbc3 Nf6 16. f3 Re8 17. Bb1 g6 18. Rcd1 Kg7 19. Ba2 Bd7 20. Nc1 Bd6 21. Nd3 Qc7 22. g3 Rac8 23. Rf2 Rf8 24. Rg2 h5 25. Bb1 Be8 26. Ne2 Bf7 27. Rf1 Rh8 28. h3 h4 29. g4 fxg4 30. fxg4 Ne4 31. Qd1 Ng3 32. Rff2 Ne4 33. Rf1 Ng3 34. Rff2 Ne4 1/2-1/2